Council for Music in Hospitals and Others v Trustees for Richard Gerald Associates (Record no. 81496)

MARC details
000 -LEADER
fixed length control field 01367cad a22001935a 4500
001 - CONTROL NUMBER
control field E147347
008 - FIXED-LENGTH DATA ELEMENTS--GENERAL INFORMATION
fixed length control field 090501e20080205xxk 000 0 eng d
035 ## - SYSTEM CONTROL NUMBER
System control number (Sirsi) u147347
041 0# - LANGUAGE CODE
Language code of text/sound track or separate title eng
245 00 - TITLE STATEMENT
Title Council for Music in Hospitals and Others v Trustees for Richard Gerald Associates
Remainder of title opinion
Medium [electronic resource]
260 ## - PUBLICATION, DISTRIBUTION, ETC.
Date of publication, distribution, etc. 2008
520 ## - SUMMARY, ETC.
Summary, etc. LTS/TC/2006/61 and LTS/TC/2007/01 5 February 2008. Concerned an application to renew a title condition which had been the subject of a notice of termination under the Title Conditions (Scotland) Act 2003 S20 ("Sunset Rule"). The condition is a real burden contained in an Instrument of Sasine of 1838, and prohibited building in the rear garden of a house. The house is now made into flats with four separate owners, with the owner of the basement flat also owning the garden. "Held": applications refused. The applicants failed to satisfy the Tribunal that renewal of the burden is reasonable.
650 24 - SUBJECT ADDED ENTRY--TOPICAL TERM
Topical term or geographic name entry element COUNCIL FOR MUSIC IN HOSPITALS AND ORS V TRUSTEES FOR RICHARD GERALD ASSOCIATES
650 24 - SUBJECT ADDED ENTRY--TOPICAL TERM
Topical term or geographic name entry element TITLE CONDITIONS (SCOTLAND) ACT 2003 S20
651 #4 - SUBJECT ADDED ENTRY--GEOGRAPHIC NAME
Geographic name Scotland
Chronological subdivision 1999-
690 ## - LOCAL SUBJECT ADDED ENTRY--TOPICAL TERM (OCLC, RLIN)
Topical term or geographic name as entry element Planning and development
9 (RLIN) 6259
856 40 - ELECTRONIC LOCATION AND ACCESS
Uniform Resource Identifier <a href="https://www.lands-tribunal-scotland.org.uk/decisions/LTS.TC.2006.61and2007.01.html">https://www.lands-tribunal-scotland.org.uk/decisions/LTS.TC.2006.61and2007.01.html</a>
Public note View the decision free of charge at www.lands-tribunal-scotland.org.uk...
942 ## - ADDED ENTRY ELEMENTS (KOHA)
Suppress in OPAC 0
Holdings
Withdrawn status Lost status Source of classification or shelving scheme Damaged status Not for loan Home library Current library Shelving location Date acquired Total Checkouts Full call number Barcode Date last seen Copy number Price effective from Koha item type
    Dewey Decimal Classification     Virtual Virtual Online 01/05/2009   ONLINE PUBLICATION 147347-2001 06/08/2019 1 06/08/2019 Law report